The Reichmanns` London gamble (Record no. 11571)

MARC details
000 -LEADER
fixed length control field 00887cab a2200205 4500
001 - CONTROL NUMBER
control field ABS39555
008 - FIXED-LENGTH DATA ELEMENTS--GENERAL INFORMATION
fixed length control field 090401t1988 xxu||||| |||| 00| 0 eng d
035 ## - SYSTEM CONTROL NUMBER
System control number (Sirsi) u17442
041 ## - LANGUAGE CODE
Language code of text/sound track or separate title eng
100 ## - MAIN ENTRY--PERSONAL NAME
Personal name Johnson, A.
245 #4 - TITLE STATEMENT
Title The Reichmanns` London gamble
260 ## - PUBLICATION, DISTRIBUTION, ETC.
Date of publication, distribution, etc. 1988
350 ## - PRICE (NR) (BK AM CF MU VM SE) [OBSOLETE]
Price 0
490 ## - SERIES STATEMENT
Series statement Business
Volume/sequential designation July 1988, 58-61(4)
520 ## - SUMMARY, ETC.
Summary, etc. In the mid 1970s the Reichmann brothers took three years to build a small office building in Knightsbridge, the same length of time they took to finish a 72-storey Toronto skyscraper. Shortly afterwards they returned to Canada . Ten years later, the family company Olympia and York Developments is developing Canary Wharf in London `s docklands , as a sign of the family`s confidence in the London office market .
650 ## - SUBJECT ADDED ENTRY--TOPICAL TERM
Topical term or geographic name entry element DEVELOPMENT
690 ## - LOCAL SUBJECT ADDED ENTRY--TOPICAL TERM (OCLC, RLIN)
Topical term or geographic name as entry element PROPERTY-COMMERCIAL PROPERTY
942 ## - ADDED ENTRY ELEMENTS (KOHA)
Suppress in OPAC 0
948 ## - LOCAL PROCESSING INFORMATION (OCLC); SERIES PART DESIGNATOR (RLIN)
c (OCLC) 04/03/1997
Holdings
Withdrawn status Lost status Source of classification or shelving scheme Damaged status Not for loan Home library Current library Shelving location Date acquired Total Checkouts Full call number Barcode Date last seen Copy number Price effective from Koha item type
    Dewey Decimal Classification     London London Journal article 14/09/1999   ABS39555 17442-1001 06/08/2019 1 06/08/2019 Journal article